[Event "7th Masters"]
[Site "Lausanne SUI"]
[Date "2006.09.15"]
[Round "2.1"]
[White "Predojevic,B"]
[Black "Koneru,H"]
[Result "1/2-1/2"]
[WhiteElo "2569"]
[BlackElo "2545"]

1.d4 Nf6 2.Bg5 d5 3.e3 e6 4.Nd2 Be7 5.Bd3 b6 6.c3 Bb7 7.f4 Ne4 8.Bxe7 Qxe7
9.Ngf3 Nd7 10.Qe2 f6 11.O-O O-O 12.Rae1 c5 13.a3 Qd6 14.Rd1 Qe7 15.Qe1 Nxd2
16.Rxd2 e5 17.fxe5 fxe5 18.Nxe5 Rxf1+ 19.Qxf1 Nxe5 20.dxe5 Qxe5 21.Qf4 Re8
22.Qxe5 Rxe5 23.Kf2 Kf7 24.b4 c4 25.Bc2 h6 26.Rd4 Re6 27.a4 Rf6+ 28.Ke2 Ke6
29.Rg4 Rf7 30.g3 Ke5 31.Rf4 Rf6 32.h4 Bc8 33.Kf3 g5 34.hxg5 hxg5 35.Rxf6 Kxf6
36.e4 Ke5 37.exd5 Kxd5 38.Bh7 Be6 39.Ke3 a5 40.Be4+ Ke5 41.bxa5 bxa5 42.Bc6 Bf7
43.Bd7 Bd5 44.Bb5 Bf7 45.Bd7 Bd5 46.Be8 Be6 47.Kf3 Kd5 48.Ke3 Ke5 49.Kf3 Kd5
50.Ke3  1/2-1/2

[Event "EU-chG16"]
[Site "Herceg Novi MNE"]
[Date "2006.09.16"]
[Round "6"]
[White "Moernaut,E"]
[Black "Zeevi,N"]
[Result "1-0"]
[WhiteElo "1910"]
[BlackElo "1658"]

1.d4 Nf6 2.Bg5 g6 3.Bxf6 exf6 4.c4 f5 5.e3 Bg7 6.Nc3 c6 7.g3 d6 8.Bg2 Nd7
9.Nge2 Nf6 10.O-O O-O 11.Nf4 Re8 12.Qc2 h5 13.Rab1 g5 14.Nfe2 Qe7 15.Rfd1 a5
16.a3 Ne4 17.b4 axb4 18.axb4 h4 19.b5 Ra3 20.Nxe4 fxe4 21.bxc6 bxc6 22.Rb6 Qc7
23.Rdb1 Bg4 24.Nc3 f5 25.h3 Bh5 26.g4 fxg4 27.hxg4 Bxg4 28.Nxe4 Qd7 29.Nf6+ Bxf6
30.Qg6+ Bg7 31.Rb7 Bf5 32.Qxg5 Ra1 33.Rxa1 Qxb7 34.Qxf5 Qc8 35.Qg5 Qd8 36.Qg4 Qf6
37.Bxc6 Rf8 38.Bd5+ Kh8 39.Qh5+ Bh6 40.Ra2 Qg7+ 41.Kf1 Qg5 42.Qxg5 Bxg5 43.f4 Bxf4
44.exf4 Rxf4+ 45.Rf2 Rxd4 46.Rf6 h3 47.Rh6+ Kg7 48.Rxh3 Kf6 49.Re3 Rf4+ 50.Ke2 Kg5
51.Re6 Rf6 52.Kd3 Rxe6 53.Bxe6 Kf6 54.Bd5  1-0

[Event "TCh-FIN 2006-7"]
[Site "Joensuu FIN"]
[Date "2006.09.16"]
[Round "1"]
[White "Franssila,T"]
[Black "Hokkanen,P"]
[Result "0-1"]
[WhiteElo "2275"]
[BlackElo "2327"]

1.d4 Nf6 2.Bg5 d5 3.Bxf6 exf6 4.e3 Bf5 5.c4 Bxb1 6.Qa4+ b5 7.Qxb5+ c6 8.Qb7 Bf5
9.Qxa8 Bb4+ 10.Kd1 Qc7 11.cxd5 O-O 12.Rc1 Be4 13.Ne2 Bxd5 14.Nf4 Bxa2 15.Bc4 Bxc4
16.Rxc4 Bd6 17.Nd3 Rc8 18.Ra4 Na6 19.Qxc8+ Qxc8 20.Kd2 Nc7 21.Rxa7 Nb5 22.Ra4 g6
23.Rc1 Qb7 24.Rac4 Na7 25.g3 Qb5 26.R1c2 Kg7 27.Ke1 h5 28.Kd2 Qd5 29.h4 Qg2
30.Ke1 g5 31.hxg5 fxg5 32.Nb4 h4 33.gxh4 gxh4 34.Nxc6 Nxc6 35.Rxc6 h3 36.Rxd6 h2
37.Rdc6 h1=Q+  0-1

[Event "XVI WSen"]
[Site "Arvier ITA"]
[Date "2006.09.18"]
[Round "7"]
[White "Manukian,Al"]
[Black "Gousseinov,A"]
[Result "1-0"]
[WhiteElo "2195"]
[BlackElo "2049"]

1.d4 Nf6 2.Bg5 d5 3.Bxf6 exf6 4.e3 c6 5.Bd3 Qb6 6.b3 Be6 7.Ne2 Nd7 8.Nd2 f5
9.c4 g6 10.Nf4 Nf6 11.h4 Ne4 12.c5 Qa5 13.b4 Qxb4 14.Bxe4 fxe4 15.Rb1 Qa5
16.Nxe6 fxe6 17.Rxb7 Qa6 18.Qb3 Be7 19.h5 g5 20.f3 Qd3 21.fxe4 Qxb3 22.axb3 g4
23.Ke2 Rg8 24.Rc7 a5 25.Rxc6 Kd7 26.exd5 exd5 27.Rh6 Rg7 28.Ra1 Kc7 29.b4 a4
30.b5 Bg5 31.Rc6+ Kb7 32.Re6 Re7 33.Rxe7+ Bxe7 34.Nb1 Rf8 35.Nc3 Rf5 36.c6+ Kb6
37.Rxa4 g3 38.Ra6+ Kc7 39.Ra7+ Kd6 40.Rd7+ Ke6 41.Nxd5 Rf2+ 42.Kd3 Bd6 43.Rxh7 Bf8
44.Nf4+ Rxf4 45.exf4  1-0

[Event "Open A"]
[Site "Graz AUT"]
[Date "2006.09.18"]
[Round "3"]
[White "Nickl,K"]
[Black "Spelec,D"]
[Result "1-0"]
[WhiteElo "2181"]
[BlackElo "2063"]

1.d4 Nf6 2.Bg5 c5 3.Bxf6 gxf6 4.d5 Qb6 5.Qc1 f5 6.e3 Bg7 7.c3 d6 8.Nd2 Nd7
9.Nc4 Qc7 10.a4 b6 11.Be2 Nf6 12.Qd1 Rb8 13.Nh3 Bd7 14.Nf4 O-O 15.O-O Kh8
16.Re1 Rg8 17.Nh5 Nxh5 18.Bxh5 Rbf8 19.f4 Bf6 20.Qd2 Rg7 21.Red1 Rb8 22.Bf3 a5
23.Qc2 Rgg8 24.Be2 Rg6 25.Bd3 e6 26.e4 Rg4 27.dxe6 fxe6 28.exf5 d5 29.fxe6 Bxe6
30.Bf5 Bxf5 31.Qxf5 Qg7 32.Ne3 Rg6 33.Qxd5 Re8 34.Nf5 Qc7 35.Qd7 Qb8 36.Nd6 Reg8
37.Nf7+ Kg7 38.Ng5+  1-0

[Event "XVI WSen"]
[Site "Arvier ITA"]
[Date "2006.09.19"]
[Round "8"]
[White "Piankov,E"]
[Black "Bondick,K"]
[Result "1-0"]
[WhiteElo "2324"]
[BlackElo "2154"]

1.d4 d5 2.Bg5 Nf6 3.Bxf6 exf6 4.e3 Bd6 5.c4 O-O 6.cxd5 Bb4+ 7.Nc3 Qxd5 8.a3 Bxc3+
9.bxc3 Nc6 10.Ne2 Bf5 11.Nf4 Qa5 12.Qd2 Rad8 13.Bd3 Bxd3 14.Nxd3 Rfe8 15.O-O Ne7
16.Qc2 b6 17.c4 Qf5 18.Rac1 c5 19.d5 Ng6 20.Rfd1 h5 21.Ne1 Qg5 22.Nf3 Qh6
23.a4 h4 24.Qf5 Ne5 25.h3 Rd6 26.Nh2 g6 27.Qf4 Qh5 28.Ng4 Kg7 29.Rd2 Qg5
30.Qxg5 fxg5 31.Nxe5 Rxe5 32.Rd3 f5 33.f3 Kf6 34.Rb1 g4 35.hxg4 fxg4 36.Kf2 gxf3
37.gxf3 g5 38.Rg1 Re7 39.Rg4 Rh7 40.Rd1 Rdd7 41.Rdg1 Rh5 42.Rh1 Rdh7 43.Rh3 Kf5
44.Re4 Rf7 45.Kg2 Rg7 46.Rh1 Rh6 47.Kh3 Rd7 48.Rg1 Rdh7 49.Re8 Rf7 50.Rg4 Rd6
51.f4 Rg7 52.e4+  1-0

[Event "XVI Gros Open"]
[Site "San Sebastian ESP"]
[Date "2006.09.22"]
[Round "2"]
[White "Rodriguez Gonzalez,J"]
[Black "Juez Villar,E"]
[Result "1-0"]
[WhiteElo "2222"]
[BlackElo "1781"]

1.d4 Nf6 2.Bg5 d5 3.Nf3 Nbd7 4.Nbd2 c6 5.e3 Ne4 6.Bf4 Ndf6 7.Bd3 Bf5 8.Ne5 Qa5
9.c3 Nxd2 10.Bxf5 Nde4 11.f3 Nd6 12.Bd3 e6 13.O-O Be7 14.Bg5 Qc7 15.Rc1 h6
16.Bf4 Nh5 17.Qe2 Nxf4 18.exf4 O-O 19.Bb1 Ne8 20.Qd3 Nf6 21.g4 Rfd8 22.g5  1-0

[Event "15th TCh-CRO"]
[Site "Sibenik CRO"]
[Date "2006.09.23"]
[Round "2"]
[White "Doric,D"]
[Black "Sale,S"]
[Result "1-0"]
[WhiteElo "2420"]
[BlackElo "2438"]

1.d4 Nf6 2.Bg5 g6 3.Bxf6 exf6 4.c4 f5 5.Nc3 Bg7 6.e3 O-O 7.g3 Re8 8.Bg2 d6
9.Nge2 Nd7 10.O-O h5 11.h4 Nf6 12.Qd3 Ng4 13.Bf3 Bh6 14.Kg2 c6 15.Nf4 Bd7
16.b4 Qc7 17.a4 Re7 18.a5 a6 19.Rfb1 Rae8 20.b5 Nxe3+ 21.fxe3 Rxe3 22.Qd2 Bxf4
23.gxf4 d5 24.Nd1 R3e4 25.Bxe4 fxe4 26.b6 Qd6 27.c5 Qf6 28.Rb3 Qxh4 29.Nf2 Kg7
30.Rg1 Qf6 31.Qe3 Rh8 32.Rbb1 h4 33.Nh3 Kf8 34.Kh2 Bf5 35.Rg2 Ke7 36.Rh1 Kd7
37.Kg1 Rh5 38.Rgh2 Bxh3 39.Rxh3 g5 40.fxg5 Rxg5+ 41.Kh2 Rf5 42.Rg1 Rf2+ 43.Kh1 Ke6
44.Qg5 Qxd4 45.Qg4+ Ke5 46.Qg7+ Rf6 47.Rf1 Ke6 48.Rxf6+ Qxf6 49.Qxf6+ Kxf6
50.Rxh4 Kg5 51.Rh7 Kg6 52.Rh8 d4 53.Kg2 Kf5 54.Rb8 d3 55.Rxb7  1-0

[Event "Vojvodina Quality League m"]
[Site "Sremska Mitrovica SRB"]
[Date "2006.09.23"]
[Round "2"]
[White "Mastilovich,R"]
[Black "Brajic,Milo"]
[Result "1-0"]
[WhiteElo "2055"]
[BlackElo "2312"]

1.d4 Nf6 2.Bg5 d5 3.Bxf6 gxf6 4.c4 c6 5.Nf3 dxc4 6.e4 b5 7.Nc3 a6 8.Be2 Bg7
9.a4 Bb7 10.h4 Nd7 11.Qd2 Qc7 12.h5 Rg8 13.Rh3 Bf8 14.Kf1 Nb6 15.e5 O-O-O
16.Ne4 fxe5 17.Nc5 exd4 18.axb5 cxb5 19.Nxa6 Qd6 20.Qa5 d3 21.Bd1 e5 22.Qxb5 e4
23.Ne5 e3 24.Rxe3 Bxg2+ 25.Ke1 Bd5 26.Kf1 f6 27.Bg4+ Kb7 28.Nxc4 Bxc4 29.Bf3+ Kc8
30.Rc1 Rg7 31.Rxc4+ Nxc4 32.Qxc4+ Rc7 33.Bg4+ Kb7 34.Qb5+ Qb6 35.Bf3+ Ka7
36.Nxc7 Qxb5 37.Nxb5+ Kb6 38.Nc3 Kc5 39.Nd5 d2 40.Rd3 Kc4  1-0

[Event "1st TCH-MNE"]
[Site "Herceg Novi MNE"]
[Date "2006.09.25"]
[Round "4"]
[White "Kosic,D"]
[Black "Vucinic,P"]
[Result "1/2-1/2"]
[WhiteElo "2506"]
[BlackElo "2254"]

1.d4 Nf6 2.Bg5 d5 3.e3 e6 4.Nd2 Be7 5.Bd3 O-O 6.f4 c5 7.c3 b6 8.Qf3 Bb7 9.Nh3 Nbd7
10.Nf2 a5 11.h4 Ba6 12.Bc2 b5 13.Nh3 b4 14.Kf2 Rc8 15.Rhe1 Qb6 16.Rab1 Rc7
17.Rec1 Rfc8 18.Qd1 h6 19.Bxf6 Bxf6 20.Nf3 Rc6 21.Ba4 Bb5 22.Bxb5 Qxb5 23.Nhg1 Nb6
24.Ne2 R8c7 25.g4 cxd4 26.cxd4 Rxc1 27.Rxc1 Rxc1 28.Qxc1 Qc4 29.b3 Qxc1 30.Nxc1 Bd8
31.Nd3 Nc8 32.g5 Nd6 33.Nc5 Bb6 34.Na4 Bc7 35.Ke2 Kf8 36.Nc5 Ke8 37.Ne5 Nb5
38.g6 Bxe5 39.gxf7+ Kxf7 40.dxe5 Nc3+ 41.Kd3 Nxa2 42.Nb7 g5 43.fxg5 hxg5
44.hxg5 Kg6 45.Nxa5 Kxg5 46.Nc6 Kf5 47.Kd4 Nc1 48.Na5 Na2 49.Nb7 Nc1 50.Nc5 Ne2+
51.Kd3 Nc3 52.Na6 Na2 53.Kd4 Nc1 54.Nc5 Ne2+ 55.Kd3 Nc3  1/2-1/2

[Event "Monarch Assurance Isle of Man"]
[Site "Port Erin IOM"]
[Date "2006.09.26"]
[Round "4"]
[White "Collier,D"]
[Black "Hebden,M"]
[Result "0-1"]
[WhiteElo "2175"]
[BlackElo "2532"]

1.d4 Nf6 2.Bg5 d5 3.Bxf6 gxf6 4.c4 dxc4 5.e3 c5 6.d5 b5 7.a4 Bb7 8.axb5 Qxd5
9.Qxd5 Bxd5 10.Nc3 Bb7 11.f3 Nd7 12.Bxc4 Nb6 13.Be2 e6 14.Nh3 Bh6 15.Kf2 Nd5
16.Nxd5 exd5 17.Ra4 Kd7 18.Rha1 Rhe8 19.f4 Kc7 20.Rxa7 Rxa7 21.Rxa7 Kb6 22.Ra4 c4
23.Bg4 Bf8 24.Bd7 Rd8 25.Bc6 Bxc6 26.bxc6 Bc5 27.Ra1 Kxc6 28.Kf3 Re8 29.Re1 d4
30.Nf2 Bb4  0-1

[Event "1st TCH-MNE"]
[Site "Herceg Novi MNE"]
[Date "2006.09.30"]
[Round "9"]
[White "Dragasevic,S"]
[Black "Podlesnik,B"]
[Result "1/2-1/2"]
[WhiteElo "2299"]
[BlackElo "2414"]

1.d4 Nf6 2.Bg5 d5 3.e3 e6 4.Nd2 Nbd7 5.Bd3 c5 6.c3 Be7 7.Ngf3 b6 8.O-O O-O
9.Ne5 Nxe5 10.dxe5 Nd7 11.Bxe7 Qxe7  1/2-1/2

[Event "14th Open Valle d'Aosta"]
[Site "Saint Vincent ITA"]
[Date "2006.09.30"]
[Round "1"]
[White "Bannink,B"]
[Black "Testa,Ad"]
[Result "1-0"]
[WhiteElo "2248"]
[BlackElo "1729"]

1.d4 Nf6 2.Bg5 g6 3.Bxf6 exf6 4.e3 Bg7 5.Bd3 d6 6.Ne2 f5 7.c4 Qg5 8.g3 b6
9.h4 Qh5 10.Nf4 Qxd1+ 11.Kxd1 c5 12.Nc3 Kd7 13.d5 Bxc3 14.bxc3 Kc7 15.Kc2 Nd7
16.h5 Ba6 17.Kb3 Ne5 18.Be2 Rab8 19.a4 Bb7 20.Nd3 Nxc4 21.Kxc4 Ba6+ 22.Kb3 c4+
23.Kc2 cxd3+ 24.Bxd3 Bxd3+ 25.Kxd3 g5 26.Rab1 Kd7 27.Rb4 Rbc8 28.c4 h6 29.a5 bxa5
30.Rb5 Rc7 31.Rxa5 Rb8 32.Kc3 Rbb7 33.Rha1 Ke7 34.Ra6 Kd7 35.R1a4 Ke7 36.Kd4 Rb1
37.Rc6 Rbb7 38.Raa6 Rd7 39.f3 Rb8 40.e4 fxe4 41.Kxe4 Rb1 42.f4 gxf4 43.gxf4 Re1+
44.Kf5 Rh1 45.Kg4 Rg1+ 46.Kf3 Rf1+ 47.Ke3 Re1+ 48.Kf2 Rh1 49.Ra4 Rxh5 50.Rca6 Rh3
51.Rxa7 Rc3 52.Rxd7+ Kxd7 53.Ra7+ Ke8 54.Rc7 h5 55.f5 f6 56.Ke2 h4 57.Kd2 Rf3
58.Rh7 h3 59.Rh4 Kd8 60.Ke2 Ra3 61.Kf2 Ra2+ 62.Kg3 Ra3+ 63.Kg4 Rc3 64.Kh5 Rg3
65.Kh6 Kc7 66.Kh7 Rg5 67.Rxh3 Rxf5 68.Rh4 Kb6 69.Kg6 Rf1 70.Rh8 f5 71.Rc8 f4
72.Rc6+ Kb7 73.Kf5 f3 74.Kf4 Re1 75.Kxf3 Rc1 76.Ke4 Rh1 77.Rxd6 Kc7 78.Rf6 Rh4+
79.Rf4 Rh1 80.Kd4 Ra1 81.Rf7+ Kd8 82.c5 Rc1 83.c6  1-0

[Event "TCh-BEL 2006-7"]
[Site "Belgium BEL"]
[Date "2006.10.01"]
[Round "1"]
[White "Winants,L"]
[Black "Wemmers,X"]
[Result "1-0"]
[WhiteElo "2535"]
[BlackElo "2411"]

1.d4 Nf6 2.Bg5 c5 3.d5 Ne4 4.Bf4 Qb6 5.Nd2 Qxb2 6.Nxe4 Qb4+ 7.Qd2 Qxe4 8.e3 g5
9.f3 Qf5 10.Bg3 Bg7 11.c3 d6 12.Bd3 Qf6 13.Ne2 Nd7 14.O-O Ne5 15.Bc2 Bd7
16.f4 Ng6 17.Rab1 b6 18.Be1 gxf4 19.exf4 Bh6 20.Qd3 Rg8 21.Bd2 Nh4 22.Ng3 b5
23.Rxb5 Qg6 24.Rb7 c4 25.Qxg6 hxg6 26.Rfb1 e5 27.Ne4 Ke7 28.fxe5 Bxd2 29.exd6+  1-0

[Event "Corporacion del Sur B"]
[Site "Buenos Aires ARG"]
[Date "2006.10.03"]
[Round "2"]
[White "Disconzi da Silva,R"]
[Black "Perdomo,L"]
[Result "1/2-1/2"]
[WhiteElo "2392"]
[BlackElo "2346"]

1.d4 Nf6 2.Bg5 g6 3.Bxf6 exf6 4.e3 Bg7 5.c4 O-O 6.Nc3 b6 7.Qf3 Nc6 8.O-O-O f5
9.h4 h5 10.Nge2 Ba6 11.Nf4 Na5 12.b4 Bb7 13.Qg3 Nc6 14.Nfd5 a5 15.Qxc7 axb4
16.Nb5  1/2-1/2

[Event "7th Veselin Boskovic Mem Op"]
[Site "Beograd SRB"]
[Date "2006.10.04"]
[Round "3"]
[White "Miladinovic,I"]
[Black "Andrijevic,M"]
[Result "1-0"]
[WhiteElo "2598"]
[BlackElo "2374"]

1.d4 Nf6 2.Bg5 d5 3.Bxf6 exf6 4.e3 Be6 5.Bd3 Be7 6.Nd2 O-O 7.Qf3 c5 8.c3 cxd4
9.exd4 Bd6 10.Ne2 Qc7 11.Nf1 Nd7 12.Ne3 Nb6 13.b3 Rac8 14.a4 a5 15.h4 Qe7
16.Kf1 Rc7 17.Rc1 Rfc8 18.Rc2 Qd8 19.g4 Be7 20.Kg2 h6 21.Nf5 Bxf5 22.Qxf5 g6
23.Qf3 Bd6 24.h5 Kg7 25.hxg6 fxg6 26.Nf4 Bxf4 27.Qxf4 Qh8 28.Qd6 Na8 29.Re2 Qf8
30.Qf4  1-0

[Event "7th Veselin Boskovic Mem Op"]
[Site "Beograd SRB"]
[Date "2006.10.06"]
[Round "5"]
[White "Marcetic,N"]
[Black "Andrejic,V"]
[Result "1/2-1/2"]
[WhiteElo "2367"]
[BlackElo "2207"]

1.d4 Nf6 2.Bg5 g6 3.Bxf6 exf6 4.e3 d5 5.g3 h5 6.h4 Bg4 7.Be2 Bxe2 8.Qxe2 Qd7
9.a3 Nc6 10.Qf3 f5 11.Ne2 O-O-O 12.b4 Kb8 13.Nd2 Bg7 14.c3 Rhe8 15.a4 Ne7
16.Nb3 Ng8 17.Nc5 Qc8 18.b5 Nf6 19.O-O Bh6 20.Rfc1 g5 21.hxg5 Bxg5 22.Nf4 h4
23.Kf1 hxg3 24.Qxg3 Ne4 25.Nxe4 Bxf4 26.Qxf4 Rxe4 27.Qf3 f4 28.Re1 Rh8 29.exf4 Qf5
30.Rxe4 dxe4 31.Qg2 Qxf4 32.Re1 f5 33.Re3 Qd6 34.Rh3 Re8 35.Qg7 b6 36.Rh8 Rxh8
37.Qxh8+ Kb7 38.Qe5 Qxe5 39.dxe5 f4 40.Kg2 Kc8 41.Kh3 Kd7 42.Kg4 e3 43.fxe3 fxe3
44.Kf3 Ke6 45.Kxe3 Kxe5 46.c4 Kd6 47.Kd4 c5+  1/2-1/2

[Event "Corporacion del Sur A"]
[Site "Buenos Aires ARG"]
[Date "2006.10.08"]
[Round "6"]
[White "Cordova,Em"]
[Black "Ricardi,P"]
[Result "1/2-1/2"]
[WhiteElo "2482"]
[BlackElo "2504"]

1.d4 Nf6 2.Bg5 g6 3.Nc3 d5 4.Bxf6 exf6 5.e3 c6 6.Bd3 Bd6 7.e4 dxe4 8.Nxe4 O-O
9.Nxd6 Qxd6 10.Ne2 c5 11.dxc5 Qxc5 12.O-O Nc6 13.Nc3 f5 14.Qd2 Be6 15.Qe3 Qb4
16.Nb5 f4 17.Qe1 Rad8 18.Qxb4 Nxb4 19.Rfd1 Bxa2 20.Nc3 Bb3 21.Rxa7 Rfe8 22.f3 Bxc2
23.Bxc2 Rxd1+ 24.Nxd1 Nxc2 25.Nc3 Rd8 26.Rxb7 Ne3 27.g3 Rd2 28.Ne4 Rg2+ 29.Kh1 Rc2
30.h4 Nf5 31.gxf4 Nxh4 32.Rb3 Kg7 33.Kg1 Nf5 34.Rb7 h6 35.b4 Nd4 36.Nd6 Nxf3+
37.Kf1 Kf6 38.Nxf7 Kf5 39.Nxh6+ Kxf4 40.Rg7 Ne5 41.Nf7  1/2-1/2

[Event "22nd ECU Club Cup"]
[Site "Feugen AUT"]
[Date "2006.10.09"]
[Round "2"]
[White "Lindberg,Bo"]
[Black "Inarkiev,E"]
[Result "1/2-1/2"]
[WhiteElo "2392"]
[BlackElo "2628"]

1.d4 Nf6 2.Bg5 d5 3.e3 c5 4.Bxf6 gxf6 5.Nc3 Nc6 6.Qh5 e6 7.Nge2 b5 8.Nf4 a6
9.dxc5 Bxc5 10.O-O-O Ne5 11.Be2 Bd6 12.Qh6 Bf8 13.Qh5 f5 14.e4 Ng6 15.Nxg6 fxg6
16.Qf3 fxe4 17.Nxe4 Bg7 18.Qa3 Qe7 19.Nd6+ Kd7 20.Nxb5 Qxa3 21.Nxa3 Rf8 22.Bf3 Rf4
23.Rd3 Ke7 24.Re1 Kf7 25.g3 Ra4 26.Rb3 Ra7 27.Kb1 Rd4 28.Rd1 Rc7 29.c3 Rxd1+
30.Bxd1 e5 31.Rb6 Ke7 32.Bb3 d4 33.cxd4 exd4 34.Bc2 Be5 35.Bd3 Rc5 36.Nc2 a5
37.f4 Bc7 38.Rb5 Rxb5 39.Bxb5 Kd6 40.Kc1 Kc5 41.Bd3 a4 42.b3 Ba5 43.bxa4 Bc3
44.a3 Bd7 45.Bb5 Be6 46.Nb4 Bb3 47.Be8 Kb6 48.Bd7 Kc7 49.Bb5 Kb6 50.Bd7 Kc7
51.Bb5 Kb6 52.Bd7 Kc7  1/2-1/2

[Event "7th Veselin Boskovic Mem Op"]
[Site "Beograd SRB"]
[Date "2006.10.10"]
[Round "8"]
[White "Predojevic,B"]
[Black "Popovic,Al"]
[Result "1-0"]
[WhiteElo "2590"]
[BlackElo "2045"]

1.d4 Nf6 2.Bg5 c5 3.Bxf6 exf6 4.c3 Qb6 5.Qd2 d5 6.e3 g5 7.g3 c4 8.Bg2 Be6
9.Ne2 f5 10.Qc2 Nd7 11.h4 gxh4 12.Rxh4 Be7 13.Rh1 Nf6 14.Nd2 h5 15.Nf4 O-O-O
16.b3 cxb3 17.axb3 h4 18.c4 Kb8 19.gxh4 Ne4 20.Bxe4 fxe4 21.cxd5 Bf5 22.Nc4 Qb4+
23.Kf1 Rc8 24.h5 Rh6 25.Rg1 Rh7 26.Ra4 Qb5 27.Qa2 a6 28.Ra5 Qb4 29.d6 Qc3
30.Rxf5  1-0

[Event "7th Veselin Boskovic Mem Op"]
[Site "Beograd SRB"]
[Date "2006.10.11"]
[Round "9"]
[White "Irizanin,R"]
[Black "Marinkovic,I"]
[Result "0-1"]
[WhiteElo "2296"]
[BlackElo "2452"]

1.d4 Nf6 2.Bg5 c5 3.Nc3 cxd4 4.Qxd4 Nc6 5.Qh4 e6 6.e4 Be7 7.f4 Ng8 8.Bxe7 Ngxe7
9.O-O-O O-O 10.Nf3 Ng6 11.Qg3 Qf6 12.Ne2 d5 13.e5 Qd8 14.Ned4 Nxd4 15.Rxd4 Ne7
16.Rd1 Bd7 17.Bd3 h6 18.Qe1 Qc7 19.Kb1 Rfc8 20.g4 a6 21.Nd4 Bb5 22.Bxb5 axb5
23.f5 exf5 24.gxf5 Nxf5 25.Qe2 Nxd4 26.Rxd4 Ra4 27.Rhd1 b4 28.Rxd5 Rca8 29.Qd3 R4a5
30.Rd7 Qxe5 31.Rf1 Re8 32.b3 Rxa2 33.Qd4 Qxd4 34.Rxd4  0-1

[Event "22nd ECU Club Cup"]
[Site "Feugen AUT"]
[Date "2006.10.11"]
[Round "4"]
[White "Carstensen,J"]
[Black "Vogt,L"]
[Result "0-1"]
[WhiteElo "2307"]
[BlackElo "2479"]

1.d4 Nf6 2.Bg5 g6 3.Bxf6 exf6 4.e3 Bg7 5.Bd3 O-O 6.h4 f5 7.Ne2 h5 8.c3 d5
9.Nf4 c6 10.Nd2 Nd7 11.Nf3 Nf6 12.Qc2 b6 13.Ne5 c5 14.O-O-O c4 15.Be2 b5
16.Nexg6 fxg6 17.Nxg6 Rf7 18.Nf4 b4 19.Nxh5 Ne4 20.Nf4 bxc3 21.f3 Nf2 22.Bxc4 dxc4
23.Qxf2 Qa5 24.Qc2 Rb8 25.Qxc3 Qxa2 26.Nd5 Rfb7 27.Qa3 Rxb2 28.Qxa2 Rxa2
29.Nc3 Ra3 30.Nd5 c3 31.h5 Be6 32.Ne7+ Kf7 33.d5 Rb2 34.dxe6+ Kxe7 35.Rd7+ Kxe6
36.Rxg7 Ra1+  0-1

[Event "22nd ECU Club Cup"]
[Site "Feugen AUT"]
[Date "2006.10.11"]
[Round "4"]
[White "Lindberg,Bo"]
[Black "Lapienis,D"]
[Result "1-0"]
[WhiteElo "2392"]
[BlackElo "2310"]

1.d4 Nf6 2.Bg5 d5 3.e3 c6 4.Bxf6 exf6 5.c4 dxc4 6.Bxc4 Bd6 7.Nc3 O-O 8.Qc2 Nd7
9.Bd3 g6 10.h4 f5 11.h5 Nf6 12.hxg6 fxg6 13.Nf3 Kg7 14.O-O-O Qe7 15.Rh4 Be6
16.Rdh1 Bg8 17.Bxf5 gxf5 18.Qxf5 Kh8 19.Ng5 Rad8 20.Nce4 Rd7 21.Nxd6 Qxd6
22.Rh6 Rg7 23.f4 Qe7 24.R6h3 Qd7 25.Qe5 Rff7 26.Nxf7+ Qxf7 27.Qf5 Rxg2 28.d5 cxd5
29.Rh6 Rg6 30.Rxg6  1-0

[Event "11th ECU Club Cup w"]
[Site "Feugen AUT"]
[Date "2006.10.11"]
[Round "4"]
[White "Vovinkina,N"]
[Black "Kosintseva,T"]
[Result "0-1"]
[WhiteElo "2203"]
[BlackElo "2458"]

1.d4 Nf6 2.Bg5 d5 3.e3 c5 4.Nc3 e6 5.Nf3 Qb6 6.Bb5+ Bd7 7.Bxd7+ Nbxd7 8.Rb1 Ne4
9.Nxe4 dxe4 10.Ne5 Nxe5 11.dxe5 h6 12.Qh5 Qb5 13.Bh4 g6 14.Qe2 Qa5+ 15.Qd2 Qxd2+
16.Kxd2 Bg7 17.Bg3 h5 18.h4 O-O-O+ 19.Ke2 Bf8 20.c4 Be7 21.Rhd1 Kc7 22.Rxd8 Rxd8
23.Rd1 Rb8 24.b3 a6 25.f3 exf3+ 26.Kxf3 b5 27.cxb5 axb5 28.Ke4 Ra8 29.Rd2 Kc6
30.Be1 b4 31.g3 Ra7 32.Rf2 Bd8 33.Rd2 Bb6 34.Kf4 Bc7 35.Ke4 Rb7 36.Rf2 Bb6
37.Rd2 Kb5 38.Bf2 Ra7 39.Be1 Rc7 40.Rc2 Rd7 41.Rd2 Rxd2 42.Bxd2 c4 43.bxc4+ Kxc4
44.Be1 Bd8 45.Bd2 f5+ 46.exf6 Bxf6 47.Be1 Bg7 48.Kf3 Bc3 49.Bf2 Kd3 50.e4 e5
51.Bc5 Kc2  0-1

[Event "22nd ECU Club Cup"]
[Site "Feugen AUT"]
[Date "2006.10.12"]
[Round "5"]
[White "Golubovic,B"]
[Black "Kozul,Z"]
[Result "0-1"]
[WhiteElo "2442"]
[BlackElo "2589"]

1.d4 Nf6 2.Bg5 c5 3.Bxf6 gxf6 4.dxc5 e6 5.Nd2 Bxc5 6.Ne4 Bb6 7.Nd6+ Ke7 8.e3 Nc6
9.Qd2 Qc7 10.Nb5 Qb8 11.Nf3 a6 12.Nbd4 Ne5 13.O-O-O Qc7 14.Kb1 d6 15.Nxe5 dxe5
16.Nb3 Rd8 17.Qb4+ Bc5 18.Qe1 Bd6 19.Bd3 Bd7 20.f3 Rdc8 21.Nd2 Bc6 22.Qh4 Bc5
23.Rhe1 Qb6 24.Nc4 Qc7 25.Nd2 Rd8 26.Ne4 Bxe4 27.fxe4 Rg8 28.Rf1 Rg6 29.Rxf6 Rxf6
30.Rf1 Rg8 31.Qxf6+ Ke8 32.Qf3 Rg7 33.Bc4 Be7 34.Bb3 Qc6 35.g3 Kf8 36.Qh5 Qb5
37.Rf2 Kg8 38.a4 Qb4 39.Rf1 Qd6 40.Rd1 Qc7 41.Rd3 Rg6 42.Qd1 Kf8 43.Rc3 Bc5
44.Qd3 a5 45.Qb5 b6 46.Rd3 Rh6 47.Rd7 Qc8 48.Qd3 Be7 49.Ra7 Rxh2 50.Qb5 Rh1+
51.Ka2 Bc5 52.Qe2 Rh6 53.Qf1 Be7 54.Qb5 Bc5 55.Qf1 Qe8 56.Qa6 Qc6 57.Ra8+ Kg7
58.Qa7 Rg6 59.Qb8 Qxe4 60.Qh8+ Kh6 61.Ra7 Qf5 62.e4 Qf6 63.Qe8 Rg7 64.Rd7 Kg6
65.Rd3 h6 66.c3 Kh7 67.Bd1 Rg8 68.Qd7 Kg6 69.Rf3 Qe7 70.Qb5 Rd8 71.Qe2 Qg5
72.Qf1 Rd2 73.g4 Be3 74.Kb3 Bf4 75.Rd3 Rxd3 76.Qxd3 Qh4 77.Kc4 Qe1 78.Kb5 Bc1
79.b4 Bd2 80.Kxb6 axb4 81.c4 Qxd1  0-1

[Event "22nd ECU Club Cup"]
[Site "Feugen AUT"]
[Date "2006.10.12"]
[Round "5"]
[White "Zhang Pengxiang"]
[Black "Naiditsch,A"]
[Result "1/2-1/2"]
[WhiteElo "2636"]
[BlackElo "2676"]

1.d4 Nf6 2.Bg5 d5 3.e3 c5 4.Bxf6 gxf6 5.Nc3 Nc6 6.Bb5 e6 7.Nf3 Bd7 8.O-O a6
9.Bxc6 Bxc6 10.dxc5 e5 11.Qe2 Qd7 12.b4 O-O-O 13.Rfd1 Rg8 14.g3 Qg4 15.e4 dxe4
16.Rxd8+ Kxd8 17.Rd1+ Kc8 18.Nd2 Qxe2 19.Nxe2 b6 20.Nc3 bxc5 21.bxc5 e3 22.Nde4 exf2+
23.Kxf2 Rg4 24.Nd6+ Kc7 25.Ke3 f5 26.Nd5+ Bxd5 27.Rxd5 f6 28.Nxf5 Kc6 29.Rd8 Bxc5+
30.Kd3 Ra4 31.Rc8+ Kb6 32.Rb8+ Kc7 33.Rh8 e4+ 34.Kd2 Rxa2 35.Rxh7+ Kc6 36.h4 Ra3
37.g4 Rf3 38.Rf7 Kd5 39.Rxf6 a5 40.h5 Rf2+ 41.Ke1 Rh2 42.Ra6 Kc4 43.h6 e3
44.Re6 a4 45.Nxe3+ Kb5 46.Nd5 a3 47.Nc3+ Kc4 48.Na2 Rxc2 49.Re2 Rxe2+ 50.Kxe2 Be7
51.h7 Bf6 52.g5 Bg7  1/2-1/2

[Event "IRT5"]
[Site "Sao Paulo BRA"]
[Date "2006.10.12"]
[Round "1"]
[White "Fascetti,A"]
[Black "Bispo,L"]
[Result "0-1"]
[WhiteElo "1833"]
[BlackElo "2214"]

1.d4 Nf6 2.Bg5 c5 3.Bxf6 gxf6 4.dxc5 Nc6 5.Nc3 Qa5 6.e3 Qxc5 7.g3 e6 8.Bg2 d5
9.Nge2 Be7 10.O-O Bd7 11.Nf4 Ne5 12.Nd3 Qb6 13.Rb1 h5 14.h4 Bc6 15.Nxe5 fxe5
16.e4 d4 17.Ne2 O-O-O 18.Nc1 f5 19.Qe2 f4 20.Nd3 Bb5 21.Rfe1 fxg3 22.fxg3 Rdg8
23.Kh2 Rh6 24.c4 Bc6 25.b4 Rhg6 26.b5 Be8 27.c5 Qd8 28.Nxe5 Rxg3 29.Bh3 Qc7
30.Bxe6+ Kb8 31.Bxg8 Qxe5 32.Kh1 d3 33.Qf2  0-1

[Event "22nd ECU Club Cup"]
[Site "Feugen AUT"]
[Date "2006.10.13"]
[Round "6"]
[White "Salimaki,J"]
[Black "Petersen,Stee1"]
[Result "1/2-1/2"]
[WhiteElo "2173"]
[BlackElo "2147"]

1.d4 Nf6 2.Bg5 d5 3.e3 e6 4.c4 Be7 5.Nc3 O-O 6.Nf3 h6 7.Bh4 Ne4 8.Bxe7 Qxe7
9.Rc1 Nxc3 10.Rxc3 b6 11.Bd3 Bb7 12.O-O c6 13.Qe2 Nd7 14.cxd5 exd5 15.Rfc1 Rac8
16.Ba6 Nb8 17.Bxb7 Qxb7 18.b3 Rfe8 19.Qc2 Re6 20.h3 Nd7 21.Qf5 Nf6  1/2-1/2

[Event "FSIM October"]
[Site "Budapest HUN"]
[Date "2006.10.15"]
[Round "9"]
[White "Brustkern,J"]
[Black "Toth,Li"]
[Result "1/2-1/2"]
[WhiteElo "2207"]
[BlackElo "2217"]

1.d4 Nf6 2.Bg5 d5 3.Bxf6 gxf6 4.c4 dxc4 5.e3 c5 6.Bxc4 cxd4 7.exd4 Bg7 8.Nc3 Nc6
9.Nge2 O-O 10.O-O f5 11.d5 Ne5 12.Bb3 Qd6 13.h3 a6 14.a4 Rd8 15.Re1 Ng6 16.a5 Be5
17.Na4 Nh4 18.Kh1 Qg6 19.g3 f4 20.gxh4 Qe4+ 21.Kh2 f3+ 22.Kg1 Qf5 23.Ng3 Bxg3
24.Re3 Bh2+ 25.Kh1 Qxh3 26.Qxf3 Bg3+ 27.Kg1 Bh2+  1/2-1/2

[Event "Vasylyshyn Mem"]
[Site "Lviv UKR"]
[Date "2006.10.17"]
[Round "15"]
[White "Popov,Iv RUS"]
[Black "Oleksienko,M"]
[Result "1/2-1/2"]
[WhiteElo "2516"]
[BlackElo "2530"]

1.d4 Nf6 2.Bg5 c5 3.Bxf6 gxf6 4.d5 Qb6 5.Qc1 f5 6.g3 Bg7 7.c3 d6 8.Bg2 Nd7
9.Nh3 Nf6 10.Nd2 e6 11.Nc4 Qa6 12.Ne3 O-O 13.Qc2 Bd7 14.O-O b5 15.Rfd1 Rab8
16.b3 Rb6 17.Rac1 c4 18.Rd2 Rc8 19.b4 Qa3 20.Bf3 e5 21.Rcd1 Bh6 22.Nxf5 Bxd2
23.Rxd2 Bxf5 24.Qxf5 Qc1+ 25.Kg2 Qxd2 26.Qxf6 h6 27.g4 e4 28.Bxe4 Qxe2 29.Bf5 Qd2
30.Bxc8 Qxd5+ 31.f3 Qd2+ 32.Nf2 d5 33.Qd8+ Kg7 34.Kg3 Qe1 35.Kg2 Qe5 36.f4 Qxf4
37.Qxd5 Rf6 38.Bf5 Rd6 39.Qe4 Qxe4+ 40.Nxe4 Ra6 41.Kf3 Rxa2 42.Bd7 a6 43.h4 Kf8
44.Ke3 Ke7 45.Bf5 a5 46.bxa5 Rxa5 47.Kd4 h5 48.Ng3 hxg4 49.Bxg4 Ra2 50.Ne4 Rh2
51.Ng3 Kf6 52.Ne4+  1/2-1/2